Представление документа в формате MARC21

Поле Инд. ПП Название Значение
Тип записи a
Библиографический уровень b
001 Контрольный номер b3e5a6a0deaa4bf9bc05c14928b9c9ef
005 Дата корректировки 20251105083017.8
024 80 a Стандартный номер 10.1088/1751-8121/acbd71
040 a Служба первич. каталог. Scopus
041 0_ a Код языка текста eng
097 a Костяева О.Г.
100 1_ a Автор Perepelkin E. E.
c Титул (звания) ; доктор физико-математических наук; профессор (должность);
i 000090829
g Прочие сведения РИНЦ AuthorID: 12496 (http://elibrary.ru/author_items.asp?authorid=12496)
k Кафедра распределенных информационно-вычислительных систем; Институт системного анализа и управления
q Полное имя Перепелкин Евгений Евгеньевич
u Дополнение Перепелкин Е. Е.
100 1_ a Автор Sadovnikov B. I.
100 1_ a Автор Inozemtseva N. G.
c Титул (звания) доцент (ученое звание); доктор физико-математических наук; профессор (должность);
i 000090825
g Прочие сведения РИНЦ AuthorID: 331952 (http://elibrary.ru/author_items.asp?authorid=331952)
j Принадлежность неизвестного автора к последователям, ученикам, сторонникам, школе и т. д. государственный университет "Дубна"
k Кафедра распределенных информационно-вычислительных систем; Институт системного анализа и управления
q Полное имя Иноземцева Наталья Германовна
u Дополнение Иноземцева Н. Г.
100 1_ a Автор Korepanova A. A.
245 10 a Заглавие Dispersion chain of quantum mechanics equations
773 18 t Название источника Journal of Physics A: Mathematical and Theoretical
b Сведения об издании Institute of Physics and IOP Publishing Ltd.
c United Kingdom
x ISSN 1751-8113
g Прочая информация V. 56. - P. 145202
d Место и дата издания 2023
m Специф. данные входит в Scopus;входит в WoS;Входит в ядро РИНЦ;зарубежный журнал;ненулевой импакт-фактор;
p J. Phys. A-Math. Theor.
o Прочие индексы scopus 0.79
q Q1 Scopus 2021
w Контрольный № источника 99d69de53d6a4cc29a4ddad8d6b9762c
901 t Тип документа b
952 c Вид литературы статья в журнале